| 000 | 004320000a22001690004500 | ||
|---|---|---|---|
| 003 | MACL | ||
| 005 | 20151226163549.0 | ||
| 008 | 151226b xxu||||| |||| 00| 0 eng d | ||
| 040 |
_aMACL _cMACL |
||
| 041 | _aEnglish | ||
| 082 | _a080.03/BRO | ||
| 100 |
_aBrowning, D C _922984 |
||
| 245 | _aDictionary of Quotations and Proverbs | ||
| 260 |
_bChancellor Press _c1982 |
||
| 650 |
_aLiterature _922985 |
||
| 942 |
_cBK _k080.03/BRO _2ddc |
||
| 999 |
_c40792 _d40792 |
||